Estatísticas para Quiz da Áustria

Clique aqui para jogar o quiz

Estatísticas Gerais

  • Esse quiz foi jogado 1 706 vezes
  • A pontuação média é 8 de 20

Estatísticas das Respostas

DicaResposta% Correto
CapitalViena
96%
Língua oficialAlemão
91%
Nome da Áustria entre 1867-1918Áustria-{Hungria}
76%
Arquiduque assassinado em
Sarajevo, o que causou na
Primeira Guerra Mundial
Francisco
Fernando
60%
Psicanalista famosoSigmund Freud
58%
Compositor de
"A Flauta Mágica"
Wolfgang Amadeus
Mozart
48%
Esporte nacional{Esqui} alpino
46%
O acima nasceu nesta cidadeSalzburgo
45%
Rio mais longoDanúbio
44%
"Áustria" na língua acimaÖsterreich
41%
O campeão da F1 que
apareceu no filme "Rush"
Niki Lauda
35%
Dança de salão em 3/4Valsa
32%
Dinastia do Império AustríacoHabsburgo
29%
Segunda maior cidadeGraz
26%
Terceira maior cidadeLinz
23%
Cidade sede olímpica
de 1964 e 1976
Innsbruck
21%
Flor nacionalEdelvaisse
14%
Imperador da Áustria, 1848-1916Francisco José I
14%
Antiga moeda oficialXelim
12%
Maior montanhaGrossglockner
8%

Distribuição das Pontuações

Percentil de Números Respondidos

Porcentagem de Pessoas com Cada Pontuação

Sua Pontuação Histórica

Você não jogou esse quiz